Depression in women : (Record no. 169524)

MARC details
000 -LEADER
fixed length control field 00569nam a22001937a 4500
005 - DATE AND TIME OF LATEST TRANSACTION
control field 20201116162151.0
010 ## - LCCN (DPL NO)
LC control number ENG-126982
020 ## - INTERNATIONAL STANDARD BOOK NUMBER
International Standard Book Number 9788171921744
Terms of availability 900.00
035 ## - SYSTEM CONTROL NUMBER
System control number EN-110514
037 ## - SOURCE OF ACQUISITION
Source of stock number/acquisition DBAD/PUB
082 ## - DEWEY DECIMAL CLASSIFICATION NUMBER
Classification number 616.852
100 ## - MAIN ENTRY--PERSONAL NAME
Personal name Nagpurkar, Jyoti J.
245 ## - TITLE STATEMENT
Title Depression in women :
Remainder of title a psycho- social perspective /
Statement of responsibility, etc by Jyoti J. Nagpurkar
260 ## - PUBLICATION, DISTRIBUTION, ETC. (IMPRINT)
Place of publication, distribution, etc Nagpur
Name of publisher, distributor, etc Dattsons
Date of publication, distribution, etc 2019
270 ## - ADDRESS
Address J.Nehru Marg, Sadar
City Nagpur
Postal code 440001
300 ## - PHYSICAL DESCRIPTION
Extent 175p..
Dimensions 21cm(Hb)
500 ## - GENERAL NOTE
General note Includes index
942 ## - ADDED ENTRY ELEMENTS (KOHA)
Source of classification or shelving scheme Dewey Decimal Classification
Item type English Books
Classification part 616.85
Call number suffix NAG
Holdings
Withdrawn status Lost status Not for loan Collection code Home library Current library Date acquired Source of acquisition Cost, normal purchase price Full call number Barcode Copy number Cost, replacement price Koha item type
      Non-fiction Sarojini Nagar Sarojini Nagar 22/11/2019 DBAD/PUB 900.00 616.85 NAG EN-110514 1 900.00 English Books

© Delhi Public Library
Hit Counter
free hit counter